| 000 | 01003nam a2200265 a 4500 | ||
|---|---|---|---|
| 001 | BRCA_235 | ||
| 005 | 20190320202929.0 | ||
| 008 | 940330s1993 mx-a---##b---#000-0#eng-# | ||
| 020 | _a9687193107 | ||
| 041 | _aeng | ||
| 044 | _amx | ||
| 050 | 4 |
_aND1942.B7 _b.A34 1993 |
|
| 245 | 1 | 0 |
_aAdela Breton _buna artista británica en México (1894-1908) _ctextos Graciela Romandía de Cantú, Román Piña Chán ; editor Mario de la Torre. |
| 260 |
_aMéxico _bSmurfit Cartón y Papel de México _c1993 |
||
| 300 |
_a147 p. _bil. (algunas a color) _c31 cm. |
||
| 500 | _aCatálogo de la exposición llevada a cabo en el castillo de Chapultepec en febrero de 1993. | ||
| 500 | _aTexto en: inglés y español. | ||
| 504 | _aBibliografía: p. 147 | ||
| 600 | 1 | 4 |
_aBreton, Adela 1849-1923 _vExposiciones _9815 |
| 650 | 1 | 4 |
_aMéxico en arte _vExposiciones _9816 |
| 700 | 1 |
_aRomandia de Cantú, Graciela _9817 |
|
| 700 | 1 |
_aTorre, Mario de la. IV. t. _9818 |
|
| 700 | 1 |
_aPiña Chán, Román _9819 |
|
| 942 |
_2lcc _cB |
||
| 999 |
_c192 _d192 |
||